कविताएं जो छप न सकी / (Record no. 68838)

MARC details
000 -LEADER
fixed length control field 01301nam a22002897a 4500
005 - DATE AND TIME OF LATEST TRANSACTION
control field 2010101908158.0
008 - FIXED-LENGTH DATA ELEMENTS--GENERAL INFORMATION
fixed length control field 101019t xxu||||| |||| 00| 0 hin d
010 ## - LCCN (DPL NO)
LC control number HIN-96369
020 ## - INTERNATIONAL STANDARD BOOK NUMBER
Terms of availability 125.00
International Standard Book Number 9788176505178
035 ## - SYSTEM CONTROL NUMBER
System control number HN-68715
037 ## - SOURCE OF ACQUISITION
Source of stock number/acquisition DBAD / PUB
040 ## - CATALOGING SOURCE
Original cataloging agency DPL
Language of cataloging HN
082 ## - DEWEY DECIMAL CLASSIFICATION NUMBER
Classification number 821
100 ## - MAIN ENTRY--PERSONAL NAME
9 (RLIN) 23632
245 ## - TITLE STATEMENT
Title कविताएं जो छप न सकी /
Statement of responsibility, etc नमिता (सती सावित्री) द्वारा संपादित
Medium काव्य संग्रह
260 ## - PUBLICATION, DISTRIBUTION, ETC. (IMPRINT)
Place of publication, distribution, etc नई दिल्ली
Name of publisher, distributor, etc स्टार पब्लिकेंशन्स
Date of publication, distribution, etc 2012
270 ## - ADDRESS
City नई दिल्ली
Address 4/5, बी, आसफ अली रोड़
Postal code 110002
300 1# - PHYSICAL DESCRIPTION
Extent 111पृ.
Dimensions 22सेमी (सजिल्द)
490 ## - SERIES STATEMENT
Series statement प्रवासी भारतीय-साहित्य श्रृंखला
-- 50711
650 ## - SUBJECT ADDED ENTRY--TOPICAL TERM
9 (RLIN) 657
Topical term or geographic name as entry element हिन्दी कविता
650 ## - SUBJECT ADDED ENTRY--TOPICAL TERM
9 (RLIN) 34273
700 ## - ADDED ENTRY--PERSONAL NAME
9 (RLIN) 48760
Personal name नमिता (सती सावित्री)
710 ## - ADDED ENTRY--CORPORATE NAME
9 (RLIN) 34811
710 ## - ADDED ENTRY--CORPORATE NAME
9 (RLIN) 35049
942 ## - ADDED ENTRY ELEMENTS (KOHA)
Source of classification or shelving scheme Dewey Decimal Classification
Item type Hindi Books
Call number suffix कविता
Classification part 821
Holdings
Withdrawn status Lost status Source of classification or shelving scheme Damaged status Not for loan Collection code Home library Current library Date acquired Source of acquisition Cost, normal purchase price Total Checkouts Full call number Barcode Date last seen Copy number Cost, replacement price Koha item type
    Dewey Decimal Classification   Not For Loan Non-fiction D.B.Act.Division D.B.Act.Division 01/08/2012 DBAB/PUB 125.00   821 कविता HN-68715 01/08/2012 1 125.00 Hindi Books

© Delhi Public Library
Hit Counter
free hit counter